Statystyki dla 10 Największych Miast Województwa Lubelskiego

Kliknij tutaj aby rozwiązać quiz!

Ogólne statystyki

  • Ten quiz został rozwiązany 1 508 razy
  • Średni wynik to 7 z 10

Statystyki odpowiedzi

Lp.Liczba LudnościMiasto% Poprawnych
1.339,850Lublin
100%
2.64,354Zamość
91%
3.63,333Chełm
86%
4.57,545Biała Podlaska
76%
5.48,114Puławy
70%
7.34,821Kraśnik
59%
6.39,732Świdnik
58%
9.26,550Biłgoraj
54%
10.22,135Lubartów
49%
8.30,310Łuków
45%

Rozkład punktacji

Percentyl według liczby udzielonych odpowiedzi

Procent ludzi z każdym wynikiem

Twoja historia wyników

Nie rozwiązałeś tego quizu